| 000 | 00472nam a22001817a 4500 | ||
|---|---|---|---|
| 003 | BD-ChCU | ||
| 005 | 20260107102102.0 | ||
| 008 | 260107b bg ||||| |||| 00| 0 ben d | ||
| 040 | _cBD-ChCU | ||
| 082 | _a537.12 STW | ||
| 100 |
_aStrauss, Leonard. _918732 |
||
| 245 |
_aWave generation and shaping. _cLeonard Strauss. |
||
| 250 | _a2nd ed. | ||
| 260 |
_aNew York _bMcGraw-Hill _c1970 |
||
| 300 | _axxii, 775p | ||
| 650 | 0 |
_aElectricity. _918734 |
|
| 942 |
_2ddc _cBK _n0 |
||
| 999 |
_c110768 _d110768 |
||